[Event "6th EICC"]
[Site "Warsaw POL"]
[Date "2005.06.23"]
[Round "6"]
[White "Maier,C"]
[Black "Matras,A"]
[Result "1/2-1/2"]
[WhiteElo "2387"]
[BlackElo "2280"]
[EventDate "2005.06.18"]

1. e4 e5 2. Nf3 Nc6 3. Bc4 Nf6 4. d3 Be7 5. Bb3 O-O 6. O-O d6 7. c3 Na5 8.
Bc2 c5 9. Re1 Re8 10. h3 Nc6 11. Nbd2 Bf8 12. a3 h6 13. Nf1 Be6 14. Ng3 d5
15. Ba4 dxe4 16. dxe4 Qxd1 17. Rxd1 Bc4 18. Be3 b5 19. Bc2 g6 20. Nd2 Be6
21. Bd3 c4 22. Be2 a6 23. a4 Rec8 24. Ngf1 Nd7 25. axb5 axb5 26. Rxa8 Rxa8
27. Bg4 f5 28. exf5 gxf5 29. Bf3 e4 30. Be2 Nde5 31. g4 Nd3 32. gxf5 Bxf5
33. Ng3 Bxh3 34. Ndxe4 Nxb2 35. Rd5 Nd3 36. Rxb5 Nce5 37. Rb7 Ra6 38. Nh5
Nd7 39. Bd4 Be7 40. Rxd7 Bxd7 41. Nhf6+ Bxf6 42. Nxf6+ Rxf6 43. Bxf6 Kf7
44. Bd4 Kg6 45. Kh2 Bc6 46. Kg3 Bd5 47. Bg4 h5 48. Bd7 Bf7 49. f4 Bd5 50.
f5+ Kg5 51. Be3+ Kf6 52. Kh4 Be4 53. Bd4+ Ne5 54. Bxe5+ Kxe5 55. Kg5 Bxf5
56. Bxf5 h4 57. Bh3 Ke4 58. Kxh4 Kd3 1/2-1/2

[Event "6th EICC"]
[Site "Warsaw POL"]
[Date "2005.06.23"]
[Round "6"]
[White "Murtez,H"]
[Black "Swiercz,D"]
[Result "1/2-1/2"]
[WhiteElo "2354"]
[BlackElo "2136"]
[EventDate "2005.06.18"]

1. e4 c5 2. Nf3 Nc6 3. d4 cxd4 4. Nxd4 Qc7 5. Nc3 e6 6. Be3 a6 7. a3 Nf6 8.
Be2 Be7 9. O-O d6 10. h3 O-O 11. f4 Bd7 12. g4 Nxd4 13. Bxd4 e5 14. fxe5
dxe5 15. Bf2 Bc6 16. Bd3 b5 17. Qf3 Nd7 18. Nd5 Bxd5 19. exd5 Bc5 20. d6
Bxd6 21. Rad1 Nc5 22. Bxc5 Bxc5+ 23. Kg2 f6 24. Qf5 g6 25. Qe6+ Qf7 26.
Rxf6 Qxe6 27. Rxe6 Rf2+ 28. Kh1 Raf8 29. Rxe5 Bd4 30. Re2 Bxb2 31. Rxf2
Rxf2 32. c4 Bxa3 33. cxb5 axb5 34. Bxb5 Kg7 35. Rd7+ Rf7 1/2-1/2

[Event "6th EICC"]
[Site "Warsaw POL"]
[Date "2005.06.23"]
[Round "6"]
[White "Citak,S"]
[Black "Wojcicki,L"]
[Result "1-0"]
[WhiteElo "2351"]
[BlackElo "1833"]
[EventDate "2005.06.18"]

1. d4 Nf6 2. c4 d5 3. cxd5 Nxd5 4. Nf3 g6 5. e4 Nb6 6. Nc3 Bg7 7. Be3 Bg4
8. Be2 O-O 9. a4 Nc6 10. a5 Nc8 11. e5 Bxf3 12. Bxf3 f5 13. a6 1-0

[Event "6th EICC"]
[Site "Warsaw POL"]
[Date "2005.06.23"]
[Round "6"]
[White "Krzymowski,A"]
[Black "Rutkowski,M"]
[Result "0-1"]
[WhiteElo "2034"]
[BlackElo "2346"]
[EventDate "2005.06.18"]

1. e4 c5 2. Nc3 e6 3. Nge2 a6 4. g3 d5 5. exd5 exd5 6. d4 cxd4 7. Nxd4 Nc6
8. Bg2 Bb4 9. O-O Nge7 10. Bg5 h6 11. Bxe7 Nxe7 12. Nde2 Be6 13. Qd4 Bxc3
14. Nxc3 O-O 15. Rad1 Rc8 16. Rfe1 Qa5 17. a3 Rfd8 18. Re2 Rc4 19. Qd3 Qc5
20. Ne4 Qc7 21. Nc3 b5 22. Red2 Bg4 23. Re1 Bf5 24. Qe3 Be6 25. Red1 Rd6
26. Qe5 Qd8 27. Nxd5 Nxd5 28. Bxd5 Rc5 29. Bxe6 Rxe5 30. Rxd6 Qe7 31. Rd8+
Kh7 32. Bb3 a5 33. c3 Re1+ 34. Kg2 Qe4+ 35. Kh3 Qf5+ 36. Kg2 Re2 37. Rf1
Rxb2 38. Bd1 h5 39. h4 Qf6 40. Rd5 g6 41. Bf3 Qe6 42. Rfd1 Rc2 43. Rxb5
Rxc3 44. Rxa5 Rxf3 45. Kxf3 Qg4+ 46. Kg2 Qxd1 47. Re5 Qd4 48. Re3 Kh6 49.
Kh2 f6 50. Kg2 f5 51. Kh2 f4 52. Rf3 fxg3+ 53. fxg3 Qd2+ 54. Kg1 g5 55.
hxg5+ Kxg5 56. Rf2 Qd4 57. Kg2 h4 58. gxh4+ Kg4 59. h5 Qd5+ 60. Kh2 Qxh5+
61. Kg2 Qh3+ 62. Kg1 Qe3 63. Kf1 Kg3 64. Rf8 Qc1+ 65. Ke2 Qc4+ 66. Ke1 Qe6+
67. Kf1 Qh3+ 68. Kg1 Qg2+ 0-1

[Event "6th EICC"]
[Site "Warsaw POL"]
[Date "2005.06.23"]
[Round "6"]
[White "Gluszko,T"]
[Black "Azimi,R"]
[Result "1-0"]
[WhiteElo "1977"]
[BlackElo "2144"]
[EventDate "2005.06.18"]

1. e4 e6 2. Nc3 d5 3. d4 Bb4 4. Nge2 Nf6 5. e5 Ne4 6. f3 Nxc3 7. bxc3 Be7
8. Ng3 h5 9. Bd3 c5 10. O-O h4 11. Bb5+ Kf8 12. Nh1 Qa5 13. Bd3 Qxc3 14.
Rb1 Qxd4+ 15. Nf2 Qxe5 16. f4 Qc7 17. Bb2 Qxf4 18. Ng4 Qc7 19. Bg6 f5 20.
Rxf5+ Bf6 21. Rxf6+ gxf6 22. Qf3 f5 23. Bxh8 Nc6 24. Qe3 Qd6 25. Qg5 e5 26.
Bf6 fxg4 27. Qh6+ 1-0

[Event "6th EICC"]
[Site "Warsaw POL"]
[Date "2005.06.23"]
[Round "6"]
[White "Krasiewicz,R"]
[Black "Bednarek,S"]
[Result "0-1"]
[WhiteElo "2056"]
[BlackElo "2321"]
[EventDate "2005.06.18"]

1. d4 Nf6 2. c4 c5 3. d5 e6 4. Nc3 exd5 5. cxd5 d6 6. e4 g6 7. Be2 Bg7 8.
f4 O-O 9. Nf3 Re8 10. Nd2 a6 11. a4 Nbd7 12. O-O Rb8 13. Qc2 b5 14. axb5
axb5 15. Nxb5 Nxd5 16. Nxd6 Bd4+ 17. Kh1 Ne3 18. Qa4 Nxf1 19. Bxf1 Re6 20.
e5 Rxd6 21. exd6 Bb7 22. Qd1 Nf6 23. Ra3 Qxd6 24. Nc4 Ne4 25. Be3 Qxf4 26.
Bxf4 Nf2+ 27. Kg1 Nxd1+ 28. Kh1 Nf2+ 29. Kg1 Nh3+ 0-1

[Event "6th EICC"]
[Site "Warsaw POL"]
[Date "2005.06.25"]
[Round "7"]
[White "Najer,E"]
[Black "Eljanov,P"]
[Result "1/2-1/2"]
[WhiteElo "2615"]
[BlackElo "2641"]
[EventDate "2005.06.18"]

1. e4 c5 2. Nf3 Nc6 3. Bb5 e6 4. Bxc6 bxc6 5. d3 Ne7 6. Qe2 Ng6 7. h4 Qc7
8. h5 Nf4 9. Qd2 e5 10. Qc3 Nxg2+ 11. Kf1 Nf4 12. Bxf4 exf4 13. h6 Rg8 14.
Nbd2 d5 15. exd5 cxd5 16. Re1+ Be6 17. Ng5 O-O-O 18. Rxe6 gxh6 19. Qf6 Rg6
20. Qxf7 Rxg5 21. Rf6 Bg7 22. Qxc7+ Kxc7 23. Rxf4 Rg6 24. b3 Rf8 25. Rhh4
Rxf4 26. Rxf4 Rf6 27. Ra4 Kb6 28. c4 Rf5 29. cxd5 Rxd5 30. Rg4 Rd7 31. Ke2
Kc6 32. Nc4 Bd4 33. Rh4 Re7+ 34. Re4 Kd7 35. Ne3 Rf7 36. b4 Rf6 37. bxc5
Bxc5 38. Rc4 Be7 39. Ra4 Bc5 40. Rc4 Be7 41. Nd5 Re6+ 42. Re4 Bd8 43. Nf4
Rb6 44. Kf3 Rb2 45. Rd4+ Ke8 46. Ra4 a5 47. Re4+ Kf7 48. a4 Bb6 49. Re2
Rxe2 50. Kxe2 Bc5 51. Kf3 Kf6 52. Nd5+ Ke5 53. Ne3 Kd4 54. Nc4 1/2-1/2

[Event "6th EICC"]
[Site "Warsaw POL"]
[Date "2005.06.25"]
[Round "7"]
[White "Palac,M"]
[Black "Nielsen,PH"]
[Result "1/2-1/2"]
[WhiteElo "2574"]
[BlackElo "2653"]
[EventDate "2005.06.18"]

1. e4 e5 2. Nf3 Nc6 3. Bb5 Nf6 4. O-O Nxe4 5. Re1 Nd6 6. Nxe5 Be7 7. Bf1
Nxe5 8. Rxe5 O-O 9. d4 Bf6 10. Re1 Nf5 11. d5 Re8 12. Rxe8+ Qxe8 13. Nd2 d6
1/2-1/2

[Event "6th EICC"]
[Site "Warsaw POL"]
[Date "2005.06.25"]
[Round "7"]
[White "Fressinet,L"]
[Black "Alekseev,Evgeny"]
[Result "0-1"]
[WhiteElo "2638"]
[BlackElo "2597"]
[EventDate "2005.06.18"]

1. e4 c5 2. Nf3 d6 3. d4 cxd4 4. Nxd4 Nf6 5. Nc3 a6 6. Be3 e5 7. Nb3 Be6 8.
f3 Nbd7 9. g4 Nb6 10. g5 Nh5 11. Qd2 Be7 12. O-O-O O-O 13. Kb1 Rc8 14. Rg1
g6 15. h4 Qc7 16. Qf2 Nc4 17. Bxc4 Qxc4 18. Na5 Qc7 19. Bb6 Qd7 20. Qd2 f6
21. Nd5 Bxd5 22. Qxd5+ Kh8 23. gxf6 Nxf6 24. Qb3 Nh5 25. Rgf1 Nf4 26. c4
Qe6 27. Rd2 Bxh4 28. Rfd1 Be7 29. Rc2 h5 30. Nxb7 h4 31. Na5 Rf7 32. Be3
Nh5 33. Bc1 Kg7 34. Qb6 Qh3 35. Nc6 Bf8 36. Rg1 Ng3 37. c5 Qd7 38. Na5 dxc5
39. Nc4 Qe7 40. b3 Rxf3 41. Qxa6 Re8 42. Nxe5 Rf6 43. Nc6 Qxe4 44. Bb2 Ree6
45. Qb7+ Kh6 46. Bxf6 Rxf6 47. Na5 Qd4 48. Qg2 Bg7 49. Qd2+ Rf4 50. Qxd4
Bxd4 51. Rgg2 Ne4 52. Nc4 g5 53. Rh2 Kh5 54. a4 g4 55. a5 g3 56. Rh1 Kg4
57. Re1 h3 58. a6 Nc3+ 59. Kc1 Nb5 60. Ra2 g2 61. a7 Nxa7 62. Rxa7 Rf1 0-1

[Event "6th EICC"]
[Site "Warsaw POL"]
[Date "2005.06.25"]
[Round "7"]
[White "Sargissian,G"]
[Black "Gdanski,J"]
[Result "1/2-1/2"]
[WhiteElo "2630"]
[BlackElo "2544"]
[EventDate "2005.06.18"]

1. d4 Nf6 2. Nf3 c5 3. d5 g6 4. Nc3 Bg7 5. e4 O-O 6. Be2 d6 7. O-O e6 8.
Bg5 h6 9. Bh4 g5 10. Bg3 exd5 11. Nd2 Nc6 12. exd5 Nd4 13. Bd3 Nf5 14. Bxf5
Bxf5 15. Nc4 Ne8 16. f4 g4 17. Kh1 Qd7 18. Ne3 Nc7 19. Ne2 Rfe8 20. Bf2 b5
21. Ng3 Rxe3 22. Bxe3 Bxb2 23. Rb1 Bc3 24. Rb3 b4 25. Bd2 Nxd5 26. Bxc3 Ne3
27. Qc1 Nxf1 28. Nh5 Qb5 29. Bxb4 cxb4 30. Qb2 Kf8 31. Rxb4 Qc6 32. Rb7 Bd7
33. Qh8+ Ke7 34. Qf6+ Kf8 35. Qh8+ Ke7 36. Qf6+ Kf8 37. Qxh6+ Ke7 38. Qg5+
Kf8 39. Qg7+ Ke7 40. Qf6+ Kf8 41. Qh8+ Ke7 42. Qxa8 Ne3 43. Rxa7 Qc3 44.
Rxd7+ Kxd7 45. Qb7+ Kd8 46. Qb8+ Ke7 47. Qb7+ Kd8 48. Qb1 Qd2 49. Qb8+ Kd7
50. Qb7+ Kd8 51. Qb8+ Kd7 52. Qb7+ Kd8 53. Qb8+ 1/2-1/2

[Event "6th EICC"]
[Site "Warsaw POL"]
[Date "2005.06.25"]
[Round "7"]
[White "Smirnov,P"]
[Black "Cao Sang"]
[Result "0-1"]
[WhiteElo "2624"]
[BlackElo "2488"]
[EventDate "2005.06.18"]

1. e4 c5 2. Nf3 Nc6 3. d4 cxd4 4. Nxd4 Nf6 5. Nc3 e5 6. Ndb5 d6 7. Bg5 a6
8. Na3 b5 9. Bxf6 gxf6 10. Nd5 f5 11. Bd3 Be6 12. O-O Bg7 13. Qh5 f4 14. c4
bxc4 15. Bxc4 O-O 16. Rac1 Rb8 17. b3 Kh8 18. Rfd1 Qd7 19. Qh4 Bxd5 20.
Bxd5 Nb4 21. Rd2 f5 22. Qh3 f3 23. Nc4 Bf6 24. Qxf5 Qg7 25. Ne3 Bg5 26. Qh3
Bxe3 27. fxe3 Qg5 28. Rc3 Nxd5 29. Rxd5 Qg6 30. Rc4 Rb7 31. g3 f2+ 32. Kf1
Rbf7 33. Rd2 Rf3 34. Qh4 Qf7 35. Qh6 Rf6 36. Qh3 Qb7 37. Qh4 Qb6 38. Re2
Qb5 39. Rd2 Qb6 40. Re2 Qb5 41. Qg4 R6f7 42. Qh5 a5 43. Rd2 Qb6 44. Rd3 a4
45. Rxa4 Rc7 46. Rc4 Rxc4 47. bxc4 Qb1+ 48. Qd1 Qxa2 49. Rc3 Qa8 50. Rc1
Qxe4 51. Qd5 Qxe3 52. Rd1 Qb3 53. Rd3 Qb1+ 54. Rd1 Qf5 55. Qg2 e4 56. g4
Qf4 57. Qg3 e3 58. Qxf4 Rxf4 59. h3 Rxc4 60. Ke2 Rc3 61. g5 d5 0-1

[Event "6th EICC"]
[Site "Warsaw POL"]
[Date "2005.06.25"]
[Round "7"]
[White "Parligras,M"]
[Black "Timofeev,Arty"]
[Result "1-0"]
[WhiteElo "2560"]
[BlackElo "2622"]
[EventDate "2005.06.18"]

1. e4 c5 2. Nf3 Nc6 3. d4 cxd4 4. Nxd4 Nf6 5. Nc3 d6 6. Bc4 Qb6 7. Nxc6
bxc6 8. O-O g6 9. Qe1 Nd7 10. Na4 Qd4 11. Bb3 Nf6 12. Qa5 Qe5 13. Qxe5 dxe5
14. f3 Nd7 15. Be3 e6 16. Rfd1 Kd8 17. Nc5 Kc7 18. Nxd7 Bxd7 19. Bg5 Rg8
20. Rd3 c5 21. Bc4 Ba4 22. Rad1 Bg7 23. Be3 Bf8 24. Ra3 Bc6 25. Bd2 Be7 26.
Ba5+ Kc8 27. Ba6+ 1-0

[Event "6th EICC"]
[Site "Warsaw POL"]
[Date "2005.06.25"]
[Round "7"]
[White "Balogh,C"]
[Black "Cheparinov,I"]
[Result "1/2-1/2"]
[WhiteElo "2531"]
[BlackElo "2621"]
[EventDate "2005.06.18"]

1. e4 c5 2. Nf3 d6 3. d4 Nf6 4. Nc3 cxd4 5. Nxd4 a6 6. Be3 e6 7. f3 b5 8.
Qd2 b4 9. Nce2 e5 10. Nb3 a5 11. a3 bxa3 12. Rxa3 d5 13. Rxa5 Rxa5 14. Qxa5
Qxa5+ 15. Nxa5 dxe4 16. Nc4 Nc6 17. fxe4 Nxe4 18. g3 Nb4 19. Kd1 f6 20. Bg2
Bf5 21. Rf1 Bg6 22. c3 Nd3 23. Nc1 Ndc5 24. Nd2 Bd6 25. Nxe4 Nxe4 26. Ke2
f5 27. Nd3 Bh5+ 28. Ke1 Bg6 29. Bxe4 fxe4 30. Nc5 h6 31. Nb7 Ke7 32. Nxd6
Kxd6 33. Kd2 Ra8 34. c4 Kc6 35. Kc2 Kc7 36. Rd1 Bf7 37. Kc3 Kc6 38. b3 Ra2
39. Rd2 Ra8 40. Rd1 Be6 41. Kb2 Rb8 42. Kc3 Ra8 43. Bg1 Ra2 44. Re1 Bf5 45.
b4 Ra3+ 46. Kb2 Rd3 47. b5+ Kb7 48. g4 Bg6 49. Bc5 Rh3 50. Re2 Kc7 51. Bf8
Kb6 52. Bd6 Rd3 53. Bxe5 Kc5 54. Bxg7 1/2-1/2

[Event "6th EICC"]
[Site "Warsaw POL"]
[Date "2005.06.25"]
[Round "7"]
[White "Ftacnik,L"]
[Black "Efimenko,Z"]
[Result "1/2-1/2"]
[WhiteElo "2540"]
[BlackElo "2620"]
[EventDate "2005.06.18"]

1. d4 Nf6 2. Nf3 e6 3. c4 b6 4. g3 Ba6 5. b3 Bb4+ 6. Bd2 Be7 7. Nc3 O-O 8.
Rc1 d5 9. cxd5 Nxd5 10. Bg2 Nxc3 11. Bxc3 Bb7 12. Qc2 Nd7 13. O-O Nf6 14.
Bb2 Rc8 15. Rfd1 Qe8 16. Ne5 Bxg2 17. Kxg2 c5 18. Qd3 cxd4 19. Bxd4 Ba3 20.
Rc4 Rxc4 21. Nxc4 Be7 22. Qf3 Qc8 23. Rd3 Nd5 24. a3 b5 25. Ne3 Nxe3+ 26.
Rxe3 Bxa3 27. Bxa7 Qa8 28. Bd4 Qxf3+ 29. Kxf3 Rd8 30. Bb6 Rd6 31. Ba5 Rd5
32. Rc3 h5 33. Bb6 Kh7 34. h4 1/2-1/2

[Event "6th EICC"]
[Site "Warsaw POL"]
[Date "2005.06.25"]
[Round "7"]
[White "Kobalia,M"]
[Black "Kritz,L"]
[Result "1/2-1/2"]
[WhiteElo "2644"]
[BlackElo "2549"]
[EventDate "2005.06.18"]

1. e4 e5 2. Nf3 Nf6 3. Nxe5 d6 4. Nf3 Nxe4 5. Nc3 Nxc3 6. dxc3 Be7 7. Be3
Nc6 8. Qd2 Be6 9. O-O-O a6 10. Kb1 Qd7 11. Be2 h6 12. Rhe1 O-O-O 13. Nd4
Nxd4 14. Bxd4 Rhg8 15. h3 Qa4 16. b3 Qa5 17. Bg4 Bxg4 18. hxg4 Bg5 19. Qd3
Qd5 20. Qg3 Rde8 21. f3 Rxe1 22. Qxe1 Qe6 23. Qf1 Bh4 24. Qh1 Bg3 25. c4
Qe2 26. Rd3 Bf4 27. Kb2 Be5 28. Qh5 Bxd4+ 29. Rxd4 Qe5 30. Qf5+ Qxf5 31.
gxf5 g6 32. fxg6 Rxg6 33. Rd2 h5 34. Kc3 h4 35. Kd3 Rg3 36. Ke4 b6 37. Ke3
h3 38. gxh3 Rxh3 39. Kf4 Kd7 40. Re2 Rh5 41. Kg4 Rh6 42. Kg5 Rg6+ 43. Kf5
Rh6 44. f4 Rg6 45. a3 1/2-1/2

[Event "6th EICC"]
[Site "Warsaw POL"]
[Date "2005.06.25"]
[Round "7"]
[White "Kurnosov,I"]
[Black "Lputian,S"]
[Result "1-0"]
[WhiteElo "2550"]
[BlackElo "2640"]
[EventDate "2005.06.18"]

1. e4 e6 2. d4 d5 3. Nc3 Bb4 4. e5 Ne7 5. a3 Bxc3+ 6. bxc3 c5 7. Qg4 Kf8 8.
Bd2 b6 9. a4 Ba6 10. Bb5 Qc7 11. Ne2 cxd4 12. cxd4 Bxb5 13. axb5 Qc4 14.
O-O Nd7 15. Qf3 Nf5 16. Qd3 Qxd3 17. Bb4+ Ke8 18. cxd3 f6 19. f4 Nb8 20.
Rac1 Kd7 21. g4 Ne3 22. Rf3 Nxg4 23. Rg3 f5 24. h3 h5 25. hxg4 hxg4 26. Bd6
Rc8 27. Rg2 a6 28. Rxc8 Kxc8 29. Nc3 axb5 30. Rc2 Nc6 31. Nxd5 Kb7 32. Nb4
Rc8 33. d5 Nxb4 34. Rxc8 Kxc8 35. Bxb4 exd5 36. Kf2 Kd7 37. Ke3 Ke6 38. d4
Kd7 39. Be1 Ke6 40. Kd3 g5 41. Bg3 1-0

[Event "6th EICC"]
[Site "Warsaw POL"]
[Date "2005.06.25"]
[Round "7"]
[White "Pelletier,Y"]
[Black "Gagunashvili,M"]
[Result "1/2-1/2"]
[WhiteElo "2610"]
[BlackElo "2547"]
[EventDate "2005.06.18"]

1. d4 d5 2. c4 c6 3. Nf3 Nf6 4. e3 Bf5 5. Nc3 e6 6. Nh4 Be4 7. f3 Bg6 8.
Qb3 Qb6 9. Nxg6 hxg6 10. Bd2 Nbd7 11. Qxb6 axb6 12. cxd5 Nxd5 13. Nxd5 exd5
14. Bd3 b5 15. O-O Be7 16. e4 Nb6 17. b3 O-O 18. Rf2 Ra7 19. Bf4 Rfa8 20.
Bc7 Nd7 21. Rd1 dxe4 22. Bxe4 Rxa2 23. Rxa2 Rxa2 24. d5 cxd5 25. Rxd5 Nc5
26. Bb6 Nxe4 27. fxe4 Re2 28. Rxb5 Rxe4 29. Ba5 Rf4 30. b4 Bf6 31. h3 Bd4+
32. Kh2 Re4 33. Rxb7 Be5+ 34. g3 Re2+ 35. Kg1 Bxg3 36. Bc7 Bxc7 37. Rxc7
Rb2 38. Rb7 g5 39. b5 Rb4 40. Kf2 g4 41. hxg4 Rxg4 42. Ke3 g5 43. Kd3 Kg7
44. Rd7 Kg6 45. Rd4 Rg1 46. Rb4 Rd1+ 47. Ke2 Rd7 48. b6 Rb7 49. Kf3 f5 50.
Rb5 Kf6 1/2-1/2

[Event "6th EICC"]
[Site "Warsaw POL"]
[Date "2005.06.25"]
[Round "7"]
[White "Prusikin,M"]
[Black "Dautov,R"]
[Result "1/2-1/2"]
[WhiteElo "2540"]
[BlackElo "2609"]
[EventDate "2005.06.18"]

1. d4 d5 2. c4 c6 3. e3 Nf6 4. Nc3 a6 5. Nf3 b5 6. c5 g6 7. Bd3 Bg7 8. b4
a5 9. bxa5 Nfd7 10. Bd2 e5 1/2-1/2

[Event "6th EICC"]
[Site "Warsaw POL"]
[Date "2005.06.25"]
[Round "7"]
[White "Roiz,M"]
[Black "Portisch,L"]
[Result "1/2-1/2"]
[WhiteElo "2579"]
[BlackElo "2525"]
[EventDate "2005.06.18"]

1. d4 Nf6 2. c4 e6 3. g3 d5 4. Bg2 Bb4+ 5. Bd2 Be7 6. Nf3 O-O 7. O-O Nbd7
8. Bf4 c6 9. Nc3 dxc4 10. e4 Re8 11. Re1 Nf8 12. a4 Ng6 13. Bg5 h6 14. Bxf6
Bxf6 15. e5 Be7 16. Qe2 a5 17. Qxc4 Qb6 18. Ne4 Rd8 19. Qc2 Bd7 20. Nc5 Nf8
21. Ra3 Qa7 22. Rb3 Rab8 23. Nxd7 Rxd7 24. Re4 c5 25. dxc5 Rc8 26. Rc4 Rxc5
27. Rxc5 Qxc5 28. Rc3 Qb6 29. h4 Rd5 30. Rc8 Rc5 31. Rxc5 Qxc5 32. Qxc5
Bxc5 33. Ne1 b6 1/2-1/2

[Event "6th EICC"]
[Site "Warsaw POL"]
[Date "2005.06.25"]
[Round "7"]
[White "Fedorchuk,S"]
[Black "Dizdar,G"]
[Result "1/2-1/2"]
[WhiteElo "2577"]
[BlackElo "2524"]
[EventDate "2005.06.18"]

1. e4 e6 2. d4 d5 3. Nd2 c5 4. Ngf3 Nf6 5. e5 Nfd7 6. c3 Nc6 7. Bd3 Be7 8.
O-O a5 9. a4 b6 10. Re1 Ba6 11. Bb1 cxd4 12. cxd4 b5 13. axb5 Bxb5 14. Nf1
Qb6 15. Ng3 Bc4 16. Re3 Rb8 17. h4 Bb3 18. Qd2 a4 19. Rc3 h6 20. Nh5 g6 21.
Ng7+ Kf8 22. Nxe6+ fxe6 23. Bxg6 Kg7 24. Bh5 Rh7 25. Qf4 Rg8 26. Be3 Kh8
27. Rac1 Nb4 28. Rc8 Nf8 29. Ne1 Bc4 30. Re8 Qb7 31. Bd2 Nc6 32. Rc3 Qa7
33. Nc2 Nb4 34. Rxe7 Qxe7 35. Nxb4 Ng6 36. Qf6+ Qxf6 37. exf6 Nxh4 38. g3
Ng6 39. Nc6 Rf7 40. Ne7 Rxe7 41. fxe7 Nxe7 42. Bxh6 Nc6 43. Be3 Rb8 44. Bd1
Rb4 45. Ra3 Bb5 46. b3 axb3 47. Rxb3 Rxb3 48. Bxb3 Kg7 49. Kg2 Kf6 50. f4
Be2 51. Kh3 Na5 52. Bc2 Nc4 53. Bc1 Nd6 54. g4 Ne4 55. Be3 Bb5 56. Kh4 Kg6
57. Bb3 Bc6 58. Bd1 Bb5 59. Bc2 Bc6 60. Bc1 Bb5 61. Ba3 Kf7 62. Bb4 Be2 63.
Bb3 Nf2 64. g5 Bd3 65. Kg3 Nh1+ 66. Kg4 Bf5+ 67. Kf3 Be4+ 68. Ke3 Ng3 69.
Kd2 Nf5 70. Kc3 Ng3 71. Bd1 Bg6 72. Kd2 Nf5 73. Bc5 Ng3 74. Ba4 Nf5 75. Bd7
Ng3 76. Bb6 Ke7 77. Bb5 Ne4+ 78. Ke3 Ng3 79. Ba6 Kd7 80. Ba7 Be4 81. Bc5
Ke8 82. Kf2 Nf5 83. g6 Nh4 84. Bb5+ Kd8 85. g7 Bh7 86. Kg3 Nf5+ 87. Kg4
Nxg7 88. Kg5 Ne8 89. Bb4 Bf5 90. Ba4 Be4 91. Kh6 Bf5 92. Kg5 Be4 93. Bc5
Bf5 94. Bd1 Kd7 95. Ba4+ Kd8 96. Ba7 Ke7 97. Bb8 Nd6 98. Bxd6+ Kxd6 99. Kf6
Bh3 100. Bc2 Bg4 101. Bg6 Bh3 102. Bf7 1/2-1/2

[Event "6th EICC"]
[Site "Warsaw POL"]
[Date "2005.06.25"]
[Round "7"]
[White "Pavlovic,Mi"]
[Black "Huzman,A"]
[Result "1/2-1/2"]
[WhiteElo "2475"]
[BlackElo "2577"]
[EventDate "2005.06.18"]

1. c4 Nf6 2. Nc3 e5 3. Nf3 Nc6 4. g3 g6 5. Bg2 Bg7 6. O-O O-O 7. Rb1 d5 8.
cxd5 Nxd5 9. Nxe5 Nxc3 10. Nxc6 Nxe2+ 11. Qxe2 bxc6 12. Bxc6 Bf5 13. Be4
Re8 14. d3 Bh3 15. Be3 Bxf1 16. Kxf1 Rb8 17. Bxa7 Ra8 18. Be3 Rxa2 19. Qc2
Bd4 20. Qc4 Rxb2 21. Rxb2 Bxb2 22. Bc6 Re5 23. d4 Re6 1/2-1/2

[Event "6th EICC"]
[Site "Warsaw POL"]
[Date "2005.06.25"]
[Round "7"]
[White "Guseinov,G"]
[Black "Stevic,H"]
[Result "1-0"]
[WhiteElo "2573"]
[BlackElo "2514"]
[EventDate "2005.06.18"]

1. e4 e5 2. Nf3 Nc6 3. Bb5 g6 4. O-O Bg7 5. c3 a6 6. Bc4 d6 7. d4 Qe7 8. h3
Nf6 9. Re1 O-O 10. Nbd2 h6 11. a4 Rd8 12. a5 Nxe4 13. Nxe4 d5 14. Bb3 dxe4
15. Rxe4 Bf5 16. Re1 Qf8 17. d5 Ne7 18. Nxe5 c6 19. c4 cxd5 20. cxd5 Be6
21. d6 Bxb3 22. Qxb3 Rxd6 23. Qxb7 Re6 24. Bf4 Rb8 25. Qd7 Rxb2 26. Nd3
Ree2 27. Rxe2 Rxe2 28. Rb1 Rc2 29. Bd6 Rd2 30. Bxe7 Rxd3 31. Qxd3 Qxe7 32.
Qxa6 Bd4 33. Qf1 h5 34. a6 h4 35. Rb7 Qa3 36. Rd7 Qa4 37. Re7 Bc5 38. Re1
Qf4 39. Qe2 Kh7 40. Rd1 Qa4 41. Rc1 Qd4 42. Qa2 Kg8 43. Rxc5 1-0

[Event "6th EICC"]
[Site "Warsaw POL"]
[Date "2005.06.25"]
[Round "7"]
[White "Stefansson,H"]
[Black "Bobras,P"]
[Result "1-0"]
[WhiteElo "2573"]
[BlackElo "2501"]
[EventDate "2005.06.18"]

1. d4 Nf6 2. c4 g6 3. g3 Bg7 4. Bg2 d5 5. cxd5 Nxd5 6. Nf3 Nb6 7. Nc3 Nc6
8. e3 O-O 9. O-O Re8 10. d5 Na5 11. Nd4 Bd7 12. Rb1 Rc8 13. Re1 c5 14. Nde2
e6 15. dxe6 Bxe6 16. b3 Qe7 17. Bd2 Red8 18. Qc1 Nc6 19. Nf4 c4 20. Nxe6
Qxe6 21. b4 Rd3 22. Qc2 Rcd8 23. Re2 Ne5 24. h3 Qf5 25. f4 Nc6 26. g4 Qd7
27. Be1 Qe7 28. Ne4 Nd5 29. b5 Nxe3 30. Rxe3 Nd4 31. Qf2 Rxe3 32. Qxe3 f5
33. Bb4 Qe6 34. Rd1 fxe4 35. Kh1 Kf7 36. Qxe4 Qxe4 37. Bxe4 b6 38. a4 Bf6
39. Rc1 Ne2 40. Rxc4 Nxf4 41. Rc7+ Ke6 42. Bc2 Nd5 43. Bb3 Ke5 44. Bxd5
Kxd5 45. Rxh7 Ke4 46. Kg2 Rd3 47. Rxa7 Bh4 48. a5 Rb3 49. Be7 Rb2+ 50. Kf1
Bg3 51. axb6 Rxb5 52. Ra4+ Kd5 53. Rb4 Ra5 54. Kg2 Bb8 55. Rb2 Kc6 56. Bh4
Ra3 57. Bf2 Rd3 58. Re2 Kd7 59. Re4 Rb3 60. h4 Rb5 61. Kf3 Bd6 62. Be3 Rb3
63. Rc4 Ke6 64. Ke4 Rb5 65. Bd4 Rb1 66. Rc8 Rh1 67. Re8+ Kf7 68. Rh8 Ke6
69. Rh6 Re1+ 70. Kf3 Kf7 71. h5 Re6 72. Rh7+ Ke8 73. h6 1-0

[Event "6th EICC"]
[Site "Warsaw POL"]
[Date "2005.06.25"]
[Round "7"]
[White "Wojtaszek,R"]
[Black "Kovchan,A"]
[Result "1-0"]
[WhiteElo "2569"]
[BlackElo "2488"]
[EventDate "2005.06.18"]

1. d4 Nf6 2. c4 g6 3. g3 Bg7 4. Bg2 d5 5. cxd5 Nxd5 6. e4 Nb6 7. Ne2 c5 8.
d5 e6 9. Nbc3 O-O 10. O-O Na6 11. Nf4 e5 12. Nd3 c4 13. Ne1 Bd7 14. f4 exf4
15. Bxf4 Nc5 16. Qd2 Nba4 17. Rc1 Nxc3 18. bxc3 Re8 19. e5 Bxe5 20. Bxe5
Rxe5 21. Nf3 Re8 22. Qd4 Nd3 23. Rb1 b5 24. a4 a6 25. Nd2 f5 26. d6 Rb8 27.
Nxc4 Be6 28. Ne3 Rb6 29. d7 Re7 30. Nd5 1-0

[Event "6th EICC"]
[Site "Warsaw POL"]
[Date "2005.06.25"]
[Round "7"]
[White "Popov,Val"]
[Black "Lopez Martinez,J"]
[Result "1-0"]
[WhiteElo "2568"]
[BlackElo "2488"]
[EventDate "2005.06.18"]

1. d4 Nf6 2. c4 e6 3. Nc3 Bb4 4. Qc2 O-O 5. a3 Bxc3+ 6. Qxc3 d6 7. Bg5 Nbd7
8. Nf3 b6 9. e3 Bb7 10. Bh4 c5 11. Be2 Rc8 12. O-O Ba6 13. Rfe1 Qc7 14.
Rad1 h6 15. Qd2 g5 16. Bg3 Ne4 17. Qc2 Nxg3 18. hxg3 cxd4 19. Rxd4 Nf6 20.
Qa4 Bb7 21. Red1 Rfd8 22. Qb4 a5 23. Qe1 Kg7 24. b4 axb4 25. Qxb4 d5 26.
Rb1 Ba6 27. Nd2 Rb8 28. Bf1 e5 29. Rd3 Rdc8 30. a4 dxc4 31. Rd6 Qe7 32. f3
Rc7 33. a5 bxa5 34. Qxb8 Qxd6 35. Rb6 Qc5 36. Rxa6 c3 37. Nc4 Nd7 38. Qb3
c2 39. Qxc2 Nb6 40. Qf5 Nxc4 41. Bxc4 Qxc4 42. Qxe5+ Kh7 43. Qf5+ Kg8 44.
Rxh6 1-0

[Event "6th EICC"]
[Site "Warsaw POL"]
[Date "2005.06.25"]
[Round "7"]
[White "Neverov,V"]
[Black "Brkic,A"]
[Result "0-1"]
[WhiteElo "2566"]
[BlackElo "2477"]
[EventDate "2005.06.18"]

1. d4 Nf6 2. c4 g6 3. Nf3 Bg7 4. g3 d5 5. Bg2 dxc4 6. Na3 c3 7. bxc3 O-O 8.
Ne5 c5 9. Nac4 Nd5 10. Bd2 Nc6 11. e3 Be6 12. O-O Nxe5 13. Nxe5 Bxe5 14.
dxe5 Qc7 15. f4 Rad8 16. Qe2 Nb6 17. Rfd1 Qc8 18. Bf3 h5 19. e4 Bg4 20. f5
gxf5 21. Bxg4 fxg4 22. Rf1 Nc4 23. Bh6 Nxe5 24. Bxf8 Rxf8 25. Rf5 Nf3+ 26.
Kg2 Qc6 27. Rd1 Qh6 28. h3 b6 29. hxg4 hxg4 30. Rh1 Qg7 31. Qd3 c4 32. Qxc4
e6 33. Rfh5 Rd8 34. Rh8+ Qxh8 35. Rxh8+ Kxh8 36. Kf2 Kg7 37. Ke3 Rd2 38.
Kf4 Rf2 39. Qc7 Nh2+ 40. Kg5 Rf6 41. Qxa7 e5 42. a4 Rg6+ 43. Kf5 Nf1 44.
Kxe5 Nxg3 45. a5 bxa5 46. Qg1 Ne2 47. Qg2 g3 48. c4 a4 0-1

[Event "6th EICC"]
[Site "Warsaw POL"]
[Date "2005.06.25"]
[Round "7"]
[White "Firman,N"]
[Black "Kornev,Alexei"]
[Result "0-1"]
[WhiteElo "2471"]
[BlackElo "2565"]
[EventDate "2005.06.18"]

1. e4 e6 2. d4 d5 3. Nc3 Bb4 4. e5 c5 5. a3 Bxc3+ 6. bxc3 Ne7 7. Qg4 Qc7 8.
Qxg7 Rg8 9. Qxh7 cxd4 10. Ne2 Nbc6 11. f4 dxc3 12. Qd3 Bd7 13. Qxc3 O-O-O
14. Rb1 Nf5 15. Rg1 d4 16. Qd3 Na5 17. g4 Ba4 18. Rb2 Ne3 19. Bxe3 dxe3 20.
Qc3 Nc4 21. Ra2 Qc5 22. Rg3 Rd2 23. Qb4 Qxb4 24. axb4 Bxc2 25. Nc3 Bd3 26.
Bxd3 Rxd3 27. Rc2 Kb8 28. Nb5 Rc8 29. Ke2 Rb3 30. h4 Rxb4 31. Na3 Nxa3 32.
Rxc8+ Kxc8 33. Rxe3 Nc4 34. Rc3 Rb2+ 35. Kf3 b5 36. h5 Kd7 37. g5 Rh2 38.
Kg4 Ke7 39. h6 a5 40. Rc1 Kf8 41. Kg3 Rd2 42. f5 Rd3+ 43. Kh4 exf5 44. g6
fxg6 45. e6 Kg8 46. Kg5 Kh7 47. Kf6 a4 48. e7 Re3 49. Rd1 a3 50. Rd7 Kxh6
51. Rd3 a2 52. Rd1 Kh5 53. Ra1 Nd6 54. Rxa2 Nc8 0-1